| 000 | 00482cam a2200181 4500 | ||
|---|---|---|---|
| 001 | 4826 | ||
| 005 | 20250328162720.0 | ||
| 008 | 761210t19771966nyu b 000 1 eng | ||
| 010 | _a 76030631 | ||
| 020 | _a978998059801 | ||
| 082 | _a294.3 RIN | ||
| 100 | 1 | _aRinpoche, Shechen Rabjam. | |
| 245 | 1 | 0 |
_aSenge dzong : _b sacred land of wonders. |
| 260 |
_aThimphu ; _bNigma Ragshar KTDL, _c2023. |
||
| 300 |
_aviii, 274 p. ; _c24 cm. |
||
| 651 | 0 | _aDzongs. | |
| 942 |
_2ddc _cNONFICTION |
||
| 999 |
_c10181 _d10182 |
||